000 00467nam a2200169Ia 4500
008 241217s9999||||xx |||||||||||||| ||und||
020 _a9780131911291
_c84.95
040 _beng
_cSSK Library
_erda
082 _a621.815/MOT
100 _a Robert L. Mott
245 0 _aMachine Elements In Mechanical Design
250 _a4th ed
260 _b Pearson Prentice Hall
_c©2004
942 _2Dewey Decimal Classification
_cBOOK
_nNo
999 _c19203
_d19203
003 OSt
005 20241217112719.0